Malaysia Super League Winners - Statistics

General Stats
  • This quiz has been taken 45 times
    18 since last reset
  • The average score is 18 of 20
Answer Stats
Years Winners % Correct
2023 JDT
100%
2022 JDT
100%
2021 JDT
100%
2020 JDT
100%
2019 JDT
100%
2018 JDT
100%
2017 JDT
100%
2016 JDT
100%
2015 JDT
100%
2014 JDT
100%
2010 Selangor
100%
2009 Selangor
100%
2012 Kelantan
94%
2011 Kelantan
94%
2004 Pahang
82%
2007-08 Kedah
65%
2006-07 Kedah
65%
2005-06 Negeri Sembilan
65%
2005 Perlis
59%
2013 Lions XII
53%
No matching quizzes found
Score Distribution
Percent of People with Each Score
Percentile by Number Answered
Your Score History
You have not taken this quiz since the last reset